000 00475nam a2200193Ia 4500
005 20250603145210.0
008 250603s9999 xx 000 0 und d
020 _a9780273734260
050 _aBF 39 .H718/
100 _aHowitt, Dennis
245 0 _aIntroduction to SPSS statistics in psychology : for version 19 and earlier
250 _a5th ed.
260 _aBoston
260 _bPearson
260 _c2011
300 _a512 p
650 _aBoston
942 _cBK
999 _c41161
_d41161